=LDR 00000nam 2200000 4500 =001 INLIS000000000043955 =005 20131008104019 =008 ***********************************ind** =035 ##$$0010-101300000001877 =041 ##$$a ind =082 ##$$a 791.53 =090 ##$$a 791.53, Nug b =100 ##$$a Nugroho, Yanusa =245 ##$$a Boma, Yanusa Nugroho =260 ##$$a 2005 $b Jakarta =300 ##$$a ix, 238 hlm, 21 cm =650 ##$$a Boma =850 ##$$a NBPNMAT